000 00715cam a22002413a 4500
001 29655
003 PGUSA
005 20140828083636.0
008 090810s2009||||xxu|||||s|||||000 | eng d
040 _aPGUSA
_beng
042 _adc
050 4 _aAP
245 1 0 _aHarper's New Monthly Magazine, Volume 1, No. 3, August, 1850.
_h[electronic resource] /
_cVarious
260 _bProject Gutenberg,
_c2009
506 _aPublic domain in the USA.
516 _aElectronic text
653 _aCulture -- Periodicals
653 _aAmerican literature -- Periodicals
653 _aCivilization -- Periodicals
830 0 _aProject Gutenberg
_v29655
856 4 0 _uhttp://www.gutenberg.org/ebooks/29655
942 _cEB
999 _c258910
_d258910